Switzerland Immigration by Country - Statistics

General Stats
  • This quiz has been taken 30,079 times
    25,664 since last reset
  • The average score is 14 of 20
Answer Stats
# People Country % Correct
327,476 Germany
99%
167,130 France
98%
343,817 Italy
97%
38,577 United Kingdom
96%
97,560 Spain
94%
47,657 Austria
92%
261,661 Portugal
87%
47,332 Poland
86%
22,534 Netherlands
79%
71,573 Turkey
73%
35,841 Romania
71%
56,618 Serbia
71%
32,241 Croatia
69%
30,416 Hungary
68%
27,044 Bosnia and Herzegovina
60%
116,842 Kosovo
46%
24,166 Brazil
42%
70,152 North Macedonia
40%
35,780 Eritrea
7%
27,215 Sri Lanka
7%
No matching quizzes found
Score Distribution
Percent of People with Each Score
Percentile by Number Answered
Your Score History
You have not taken this quiz since the last reset